| 000 | 01414nam a2200229Ia 4500 | ||
|---|---|---|---|
| 003 | Ost | ||
| 005 | 20260507075427.0 | ||
| 008 | 260507s9999||||xx |||||||||||||| ||und|| | ||
| 020 | _a9775420466 | ||
| 040 | _cfsecg | ||
| 041 | _aara | ||
| 082 | _a350 | ||
| 100 |
_aرجب، علا عبد الفتاح _eمؤلف |
||
| 245 | 0 |
_aالتفاوض : _bتنمية المهارات تطبيقيا-مدخل جديد للتفاوض / _c علا عبد الفتاح رجب |
|
| 260 |
_aالقاهرة: _bدار المريخ, _c2006 |
||
| 300 |
_a301 صفحة؛ _bإيضاحات ؛ _c24 سم |
||
| 520 | _aالهدف من دراسة علم التفاوض السياسي والاجتماعي من خلال منظور السيكولوجي، طبيعة الاتصال التفاوضي، المحتويات الاساسية للتفاوض، كيف يمكنك اختيار فريق التفاوض، استراتيجيات التفاوض، تكنيكات التفاوض، تنمية مهارات التفاوض الأساسية، التفاوض والمؤثرات الخارجية، سيكولوجية التفاوض كأسلوب أمثل لإدارة الأزمات، برامج تطبيقية لتنمية مهارات التفاوض والتدريب، مواقف تطبيقية تفاوضية للتدريب | ||
| 653 | _aالإتصالات | ||
| 653 | _aالإدارة | ||
| 653 | _aالمساومة | ||
| 942 | _cكتاب | ||
| 999 |
_c44489 _d44489 |
||